000 00636nam a2200229Ia 4500
003 OSt
005 20220924121828.0
006 a|||||r|||| 00| 0
007 ta
008 220923b |||||||| |||| 00| 0 tel d
024 _a330998
037 _cTextual
040 _aARTS
_cARTS
_btel
041 _2tel
_atel
082 _aO33,1:g, 35N0
100 _aDoddanagouda Joladarnasi
_9187443
245 0 _aSunya sampadanam
260 _aKarnataka
_bRamesa prakatana mandiram
_c1990
650 _aKANNAD LITERATURE
942 _hO33,1:g, 35N0
_cTEXL
_2CC
999 _c409217
_d409217